Normal view MARC view

Entry Personal Name

Number of records used in: 2

001 - CONTROL NUMBER

  • control field: 4197

003 - CONTROL NUMBER IDENTIFIER

  • control field: IMU CC

005 - DATE AND TIME OF LATEST TRANSACTION

  • control field: 20260213113214.0

008 - FIXED-LENGTH DATA ELEMENTS

  • fixed length control field: 260213|| aca||aabn | a|a d

040 ## - CATALOGING SOURCE

  • Description conventions: IMU CC

100 ## - HEADING--PERSONAL NAME

  • Personal name: Googan, Chris
Copyright © 2024. Central Library, Indian Maritime University, Chennai Campus
Koha version: 24.05.03